ফিজিক্স অলিম্পিয়াড : (Record no. 12907)
[ view plain ]
| 000 -LEADER | |
|---|---|
| fixed length control field | 01011nam a2200241 a 4500 |
| 001 - CONTROL NUMBER | |
| control field | 12907 |
| 003 - CONTROL NUMBER IDENTIFIER | |
| control field | BD-JhCC |
| 005 - DATE AND TIME OF LATEST TRANSACTION | |
| control field | 20230602093128.0 |
| 008 - FIXED-LENGTH DATA ELEMENTS--GENERAL INFORMATION | |
| fixed length control field | 230602s2020 bg a|||| |||| 000 0 ben d |
| 020 ## - INTERNATIONAL STANDARD BOOK NUMBER | |
| International Standard Book Number | 9789848043486 |
| 035 ## - SYSTEM CONTROL NUMBER | |
| System control number | (BD-JhCC)12907 |
| 040 ## - CATALOGING SOURCE | |
| Original cataloging agency | BD-JhCC |
| Language of cataloging | ben |
| Transcribing agency | BD-JhCC |
| 082 ## - DEWEY DECIMAL CLASSIFICATION NUMBER | |
| Classification number | 530.76 |
| Item number | CHO 2020 |
| 100 ## - MAIN ENTRY--PERSONAL NAME | |
| Personal name | চক্রবর্তী, অজয় |
| 245 ## - TITLE STATEMENT | |
| Title | ফিজিক্স অলিম্পিয়াড : |
| Remainder of title | প্রস্তুতি, অনুশীলন, ব্যাখ্যা / |
| Statement of responsibility, etc. | অজয় চক্রবর্তী |
| 260 ## - PUBLICATION, DISTRIBUTION, ETC. | |
| Place of publication, distribution, etc. | ঢাকা : |
| Name of publisher, distributor, etc. | রফাত পাবলিকেশন, |
| Date of publication, distribution, etc. | ২০২০. |
| 300 ## - PHYSICAL DESCRIPTION | |
| Extent | ১৫৬ পৃ. |
| Other physical details | চিত্রাবলী সংযোজিত, |
| Dimensions | ২০ সেমি. |
| 650 ## - SUBJECT ADDED ENTRY--TOPICAL TERM | |
| 9 (RLIN) | 1 |
| Topical term or geographic name entry element | Physics -- Competitions. |
| 650 ## - SUBJECT ADDED ENTRY--TOPICAL TERM | |
| 9 (RLIN) | 1 |
| Topical term or geographic name entry element | Physics -- Problems, exercises, etc. |
| 700 ## - ADDED ENTRY--PERSONAL NAME | |
| Relator code | আহাম্মদ, ফয়েজ |
| 9 (RLIN) | 1 |
| 700 ## - ADDED ENTRY--PERSONAL NAME | |
| Relator code | মাসুদ, জাহাঙ্গীর |
| 9 (RLIN) | 1 |
| 942 ## - ADDED ENTRY ELEMENTS (KOHA) | |
| Source of classification or shelving scheme | Dewey Decimal Classification |
| Koha item type | Books |
| Koha issues (borrowed), all copies | 22 |
| Withdrawn status | Lost status | Source of classification or shelving scheme | Damaged status | Not for loan | Home library | Current library | Shelving location | Date acquired | Cost, normal purchase price | Total Checkouts | Full call number | Barcode | Date last seen | Date last checked out | Copy number | Price effective from | Koha item type |
|---|---|---|---|---|---|---|---|---|---|---|---|---|---|---|---|---|---|
| Dewey Decimal Classification | JCC Rouf Library | JCC Rouf Library | General Stacks | 06/02/2023 | 300.00 | 6 | 530.76 CHO 2020 | 18092 | 02/09/2026 | 01/25/2026 | C-1 | 06/02/2023 | Books |